000 00324nam a22001217a 4500
003 OSt
008 250117b |||||||| |||| 00| 0 eng d
041 _aeng
100 _aKindle, Joseph
_96954
245 _aTheory and Problems of Mathematical Schemma's Series
260 _aNew York:
_bMcGraw Hill Book Co,
_c1978.
942 _cBK
999 _c19044
_d19044